| 000 -LEADER |
| fixed length control field |
00349cam a22001097a 4500 |
| 008 - FIXED-LENGTH DATA ELEMENTS--GENERAL INFORMATION |
| fixed length control field |
180718b1924 xxu||||| |||| 00| 0 eng d |
| 082 ## - DEWEY DECIMAL CLASSIFICATION NUMBER |
| Classification number |
C0x54073 In2ra |
| 100 ## - MAIN ENTRY--PERSONAL NAME |
| Personal name |
India. Reforms Enquiry Committee |
| 245 ## - TITLE STATEMENT |
| Title |
Report of the Reforms Enquiry Committee, 1924 (written evidence), appendix no. 5 |
| 260 ## - PUBLICATION, DISTRIBUTION, ETC. |
| Place of publication, distribution, etc. |
Simla |
| Name of publisher, distributor, etc. |
The author |
| Date of publication, distribution, etc. |
1924 |
| 300 ## - PHYSICAL DESCRIPTION |
| Extent |
470+p. |